Lord of the Rings Trivia - Statistieken

Algemene statistieken
  • Deze quiz is 12 keer genomen
  • De gemiddelde score is 5 van 10
Antwoordstatistieken
Hint Antwoord % Correct
Who created the Silmarils? Fëanor
90%
Who killed Saruman? Gríma
90%
What kingdom did Turgon make? Gondolin
70%
Who killed Fëanor? Gothmog
60%
What was the real name of Mount doom Orodruin
60%
Who destroyed the 2 trees of Valinor? Ungoliant
60%
Who was the last High-king of the Noldor? Gil-galad
50%
Where did Théoden die? Pelennor fields
40%
Who was Fëanor's oldest son? Maedhros
20%
What was Saruman's nickname? Sharkey
0%
Geen overeenkomende quizzen gevonden
Scoreverdeling
Procent van Mensen met Elke Score
Percentiel versus Aantal Correcte Antwoorden
Uw Scoregeschiedenis
U heeft deze quiz nog niet genomen